Aplicacin̤ Prc̀tica del Impuesto al Valor Agregado 2012

Detalles Bibliográficos
Autor principal: Sǹchez Miranda, Arnulfo
Formato: eBook
Lenguaje:español
Publicado: Mx̌ico D.F. : Ediciones Fiscales ISEF, 2012
Materias:
Acceso en línea:http://www.vlex.com/source/10997

MARC

LEADER 00000nam a22000007a 4500
005 20130408152845.0
007 cr|||| ||||
008 130408e2012 mx |||||s|||| 00||0 spa d
020 |a 978-607-406-396-7 
035 |a 10997 
040 |a vLex 
090 |c 4158  |d 4158 
100 1 0 |a Sǹchez Miranda, Arnulfo  
245 1 0 |a Aplicacin̤ Prc̀tica del Impuesto al Valor Agregado 2012  |c / Arnulfo Sǹchez Miranda   |h [Recurso electrn̤ico] 
256 |a Servicio en ln̕ea 
260 |a Mx̌ico D.F. :   |b Ediciones Fiscales ISEF,   |c 2012 
300 |a 1 Recurso electrn̤ico 
506 |a Contenido solo disponible en los productos indicados  |d vLex Global  |d vLex Global (Academic Edition, excluding Law Schools)  |d vLex Global (U.S. Academic Edition, Law Schools)  |d vLex Global (U.S. Academic Edition, excluding Law Schools)  |d vLex Global (Academic Edition, Law Schools) 
650 0 4 |a Derecho tributario  |z Mx̌ico 
740 |a vLex Libros (Servicio en ln̕ea) 
856 |a Acceso restringido  |u http://www.vlex.com/source/10997 
942 |c BOOK 
999 0 |a Taxation